000 00390nam a22001577a 4500
003 OSt
005 20211011143035.0
008 211011b |||||||| |||| 00| 0 eng d
020 _a0304205527
040 _aHU
_cDDC
082 _a343.7304
245 _aWEST'S FEDERAL TAXATION
260 _aINTERATIONAI THOMSON
_bWESTSOUTH WWESTERM
_c1998
300 _aXXVI,35CM
942 _2ddc
_cBOOKS
_n0
999 _c11451
_d11451